[Event "Let's Play Chess!"]
[Site "http://www.queenalice.com/game.php?id=236103"]
[Date "2007.7.7"]
[Round "-"]
[White "Brag88"]
[Black "ChrisDavison102"]
[Result "0-1"]
[WhiteElo "1406"]
[BlackElo "1914"]

1. c4 Nf6 2. Nc3 c5 3. e4 d6 4. d3 Nc6 5. Be3 g6 6. f4 Bg7 7. h3 h5 8. Nf3 O-O
9. Be2 Bd7 10. Kd2 a6 11. f5 Rb8 12. g4 hxg4 13. hxg4 Nxg4 14. Ng5 Nxe3 15. Kxe3
gxf5 16. Qe1 Bd4+ 17. Kf3 Ne5+ 18. Kf4 fxe4 19. Qh4 Ng6+ 20. Kxe4 Nxh4 21. Nd5
f5+ 22. Kf4 e5+ 23. Kg3 Qxg5+ 24. Kh3 f4+ 25. Bg4 Qxg4+ 26. Kh2 Qg2# 0-1

[Event "Challenge"]
[Site "http://www.queenalice.com/game.php?id=236464"]
[Date "2007.7.8"]
[Round "-"]
[White "bruce"]
[Black "Brag88"]
[Result "1-0"]
[WhiteElo "1609"]
[BlackElo "1319"]

1. d4 d5 2. Nc3 Nf6 3. Bg5 Nc6 4. Nf3 Nb4 5. a3 Qd6 6. axb4 Qxb4 7. Bxf6 gxf6 8.
Ra2 Bh6 9. e3 e6 10. Bd3 Bd7 11. O-O c5 12. dxc5 Qxc5 13. Re1 e5 14. Be2 Be6 15.
Na4 Qa5 16. c3 e4 17. Nd4 O-O 18. Bg4 1-0

[Event "Challenge #89"]
[Site "http://www.queenalice.com/game.php?id=236539"]
[Date "2007.7.8"]
[Round "-"]
[White "Kirkland"]
[Black "Brag88"]
[Result "1-0"]
[WhiteElo "2279"]
[BlackElo "1406"]

1. e4 c6 2. d4 d5 3. Nc3 Qa5 4. exd5 cxd5 5. Nf3 Nc6 6. Bb5 Bg4 7. Bd2 O-O-O 8.
Bxc6 bxc6 9. Ne2 Qa4 10. Ne5 Be6 11. Nf4 Rd6 12. Nxe6 Rxe6 13. O-O Nf6 14. Nxf7
Rg8 15. Ng5 Rd6 16. Bf4 Rd7 17. Ne6 Qa5 18. Qf3 g5 19. Be5 Ne4 20. Qf7 Kb7 21.
Qxg8 Bh6 22. Qb8+ Ka6 23. Qc8+ Rb7 24. Nc7+ Kb6 25. Na8+ Ka6 26. Qxc6+ Rb6 27.
Nc7# 1-0

[Event " Play Chess"]
[Site "http://www.queenalice.com/game.php?id=236581"]
[Date "2007.7.8"]
[Round "-"]
[White "chorltonian"]
[Black "Brag88"]
[Result "1-0"]
[WhiteElo "2017"]
[BlackElo "1319"]

1. d4 Nf6 2. Nf3 d5 3. e3 Nc6 4. c4 e6 5. Nc3 Be7 6. a3 Ne4 7. Nxe4 dxe4 8. Nd2
f5 9. b4 O-O 10. Be2 g6 11. O-O Bd6 12. c5 Be7 13. Bb2 Bf6 14. Nc4 Qe7 15. b5
Nd8 16. Qc2 c6 17. a4 Qg7 18. Rfd1 b6 19. cxb6 a6 20. bxa6 Rxa6 21. a5 c5 22.
dxc5 Nc6 23. Bxf6 Qxf6 24. Qb2 Qg7 25. Qxg7+ Kxg7 26. Rd6 Nb4 27. c6 Nd5 28. b7
Bxb7 29. cxb7 Rxd6 30. Nxd6 f4 31. exf4 Nxf4 32. Bc4 e3 33. fxe3 Nd5 34. Bxd5
exd5 35. a6 1-0

[Event "Let's Play Chess!"]
[Site "http://www.queenalice.com/game.php?id=237329"]
[Date "2007.7.10"]
[Round "-"]
[White "Nightmare"]
[Black "Brag88"]
[Result "1-0"]
[WhiteElo "1543"]
[BlackElo "1406"]

1. e4 d5 2. exd5 Qxd5 3. Nc3 Qa5 4. d4 e5 5. dxe5 Qxe5+ 6. Be3 Bc5 7. Nf3 Qf6 8.
Bxc5 Qe6+ 9. Be3 Ne7 10. Ng5 Qg6 11. Qf3 Bf5 12. Qxb7 Nec6 13. Qxa8 Bc8 14. Bb5
O-O 15. Bd3 Qd6 16. O-O-O Qb4 17. Bb5 Bg4 18. f3 Qe7 19. Rde1 Bd7 20. Bxc6 Nxc6
21. Qb7 Qb4 22. Qxb4 Nxb4 23. Bc5 Nc6 24. Bxf8 Kxf8 25. Nxh7+ Kg8 26. Ng5 f6 27.
Rd1 Ne5 28. f4 Ng4 29. Rxd7 g6 30. Re1 1-0

[Event "AUTO-OPEN-734"]
[Site "http://www.queenalice.com/game.php?id=237505"]
[Date "2007.7.10"]
[Round "1"]
[White "Brag88"]
[Black "Francisco_Ferraz"]
[Result "0-1"]
[WhiteElo "1500"]
[BlackElo "1711"]

1. Nf3 d5 2. d4 Nf6 3. Nc3 Nc6 4. e3 Bg4 5. Be2 e6 6. Qd3 Bb4 7. Bd2 h6 8. Ne5
Bxe2 9. Kxe2 Nxe5 10. Qb5+ Nc6 11. Na4 Bxd2 12. Kxd2 Ne4+ 13. Ke1 a6 14. Qxb7
Ne7 15. f3 Nd6 16. Qb3 Rb8 17. Qd3 O-O 18. Qxa6 Ra8 19. Qf1 Rxa4 20. f4 Qa8 21.
Kf2 Ne4+ 22. Kf3 Nd2+ 0-1

[Event "AUTO-OPEN-734"]
[Site "http://www.queenalice.com/game.php?id=237506"]
[Date "2007.7.10"]
[Round "1"]
[White "Francisco_Ferraz"]
[Black "Brag88"]
[Result "1-0"]
[WhiteElo "1601"]
[BlackElo "1362"]

1. b3 Nf6 2. Bb2 g6 3. e3 e5 4. Bxe5 Nc6 5. Bb2 d5 6. Bb5 Qe7 7. Bxc6+ bxc6 8.
Qf3 Bg7 9. h3 Qe4 10. Qxe4+ dxe4 11. g4 O-O 12. g5 Nd5 13. Bxg7 Kxg7 14. Nc3
Nxc3 15. dxc3 h6 16. gxh6+ Kxh6 17. f3 f5 18. O-O-O Bb7 19. b4 Rf7 20. c4 a5 21.
b5 cxb5 22. cxb5 f4 23. fxe4 Bxe4 24. Rh2 fxe3 25. Re2 Rf2 26. Rxf2 exf2 27. Ne2
Rf8 28. Ng3 Bg2 29. Nf1 Rf5 30. c4 Rc5 31. Ne3 Bxh3 32. Rh1 Rh5 33. Kd2 Kg7 34.
Nf1 Be6 35. Rxh5 gxh5 36. c5 Bxa2 37. b6 cxb6 38. cxb6 Bd5 39. Kc3 h4 40. Kb2 a4
41. Ka3 Bc4 42. b7 Bxf1 43. b8=Q Bg2 44. Qb2+ Kg6 45. Qxf2 h3 46. Qg3+ Kf5 47.
Kxa4 Ke4 48. Kb4 Kd4 49. Kb5 Bf1+ 50. Kb4 Bg2 51. Kb5 Kd5 52. Qf4 Ke6 53. Kc5
Kd7 54. Qe5 Kd8 55. Kd6 Bb7 56. Qh8# 1-0

[Event "AUTO-OPEN-734"]
[Site "http://www.queenalice.com/game.php?id=237507"]
[Date "2007.7.10"]
[Round "1"]
[White "Brag88"]
[Black "R_Jasinski"]
[Result "0-1"]
[WhiteElo "1339"]
[BlackElo "1446"]

1. c4 e5 2. Nc3 Nf6 3. e4 Bc5 4. Qf3 Nc6 5. Nd5 Nd4 6. Qc3 Nxe4 7. Bd3 Nxc3 8.
dxc3 Ne6 9. Nf3 c6 10. Ne3 Bxe3 11. fxe3 d5 12. Bf5 dxc4 13. Nxe5 Qd5 14. Bxe6
Bxe6 15. Nf3 O-O-O 16. Rf1 Qd1+ 17. Kf2 Qc2+ 18. Nd2 Rxd2+ 19. Kg3 Qg6+ 20. Kf3
Qg4# 0-1

[Event "AUTO-OPEN-734"]
[Site "http://www.queenalice.com/game.php?id=237508"]
[Date "2007.7.10"]
[Round "1"]
[White "R_Jasinski"]
[Black "Brag88"]
[Result "1-0"]
[WhiteElo "1702"]
[BlackElo "1312"]

1. e4 Nf6 2. e5 Nd5 3. c4 Nb6 4. Nf3 c5 5. Nc3 Nc6 6. a4 d6 7. exd6 Qxd6 8. b3
e5 9. Ne4 Qh6 10. d4 cxd4 11. Bxh6 gxh6 12. Nf6+ Ke7 13. Nd5+ Kd7 14. Qd3 Bb4+
15. Nxb4 Nxb4 16. Nxe5+ Ke8 17. O-O-O Nxd3+ 18. Rxd3 f6 19. Nf3 Rg8 20. Rxd4 h5
21. Rh4 Bg4 22. h3 Bxf3 23. gxf3 Rd8 24. Rxh5 Kf7 25. Rxh7+ Ke6 26. c5 Rc8 27.
b4 Nxa4 28. Bc4+ Kf5 29. Bxg8 Rxg8 30. Rxb7 Nc3 31. Kd2 Na2 32. c6 Rd8+ 33. Kc2
Rd4 34. c7 1-0

[Event "Let's Play Chess!"]
[Site "http://www.queenalice.com/game.php?id=237738"]
[Date "2007.7.10"]
[Round "-"]
[White "Brag88"]
[Black "HelderNanques"]
[Result "0-1"]
[WhiteElo "1319"]
[BlackElo "1929"]

1. d4 f5 2. Nc3 Nf6 3. Nf3 e6 4. e3 Be7 5. e4 fxe4 6. Ne5 O-O 7. Be2 d6 8. Nc4
d5 9. Bf4 dxc4 10. Bxc4 Nd5 11. Nxd5 exd5 12. Be2 Rxf4 13. f3 exf3 14. Bxf3 Bb4+
15. c3 Qe7+ 16. Qe2 Qxe2+ 17. Kxe2 Bd6 18. Bxd5+ Kh8 19. Rhf1 Bg4+ 20. Bf3 Bxf3+
21. gxf3 Nd7 22. b4 Re8+ 23. Kf2 Rh4 24. Rae1 Rxe1 25. Kxe1 Bxh2 26. a4 Kg8 27.
b5 Kf7 28. Kd2 Bf4+ 29. Kc2 Nb6 30. a5 Nc4 31. Re1 Nxa5 32. c4 Nxc4 33. d5 Rh2+
34. Kd3 Nd6 35. Rb1 Rd2+ 36. Kc3 Rxd5 37. Rb4 Bd2+ 0-1

[Event "Let's Play Chess!"]
[Site "http://www.queenalice.com/game.php?id=238964"]
[Date "2007.7.12"]
[Round "-"]
[White "spawnwolfwolverine"]
[Black "Brag88"]
[Result "1-0"]
[WhiteElo "1796"]
[BlackElo "1346"]

1. d4 d5 2. e3 Nc6 3. Bb5 Nf6 4. Nf3 Qd6 5. Ne5 Qb4+ 6. Bd2 Qxb5 7. Nxc6 bxc6 8.
b3 c5 9. Na3 Qb6 10. O-O Ne4 11. Bc1 Qg6 12. g3 Bg4 13. f3 Bh3 14. fxe4 Qxe4 15.
Qf3 cxd4 16. Qxf7+ Kd8 17. Qf3 e6 18. Qxe4 dxe4 19. Rf4 Bc5 20. Rxe4 Rf8 21. Bb2
Bxa3 22. Bxa3 Rf5 23. Rxd4+ Ke8 24. Rh4 Rd8 25. Rxh3 h6 26. g4 Re5 27. Bb2 Rg5
28. Rg3 g6 29. Bf6 Rgd5 30. Bxd8 Kxd8 31. h4 Rc5 32. c4 g5 33. h5 a5 34. Rd1+
Kc8 35. a4 e5 36. e4 Rc6 37. Rd5 Rb6 38. Rxe5 1-0

[Event "Let's Play Chess!"]
[Site "http://www.queenalice.com/game.php?id=239415"]
[Date "2007.7.13"]
[Round "-"]
[White "MAUAXADREZ"]
[Black "Brag88"]
[Result "1-0"]
[WhiteElo "1435"]
[BlackElo "1275"]

1. e4 e5 2. Nf3 Nc6 3. Nc3 Nf6 4. Bb5 Ng4 5. h3 Nh6 6. Bxc6 bxc6 7. Nxe5 Qe7 8.
d4 f6 9. Ng4 d5 10. O-O dxe4 11. d5 Bxg4 12. hxg4 g5 13. dxc6 Qe5 14. Nd5 O-O-O
15. c4 f5 16. gxf5 Qxf5 17. Qh5 Rg8 18. Ne3 Qg6 19. Qh3+ Kb8 20. Nd5 g4 21. Qg3
1-0

[Event "Let's Play Chess!"]
[Site "http://www.queenalice.com/game.php?id=240234"]
[Date "2007.7.15"]
[Round "-"]
[White "Powerslave"]
[Black "Brag88"]
[Result "1-0"]
[WhiteElo "1421"]
[BlackElo "1346"]

1. b3 Nf6 2. Bb2 d5 3. e3 Nc6 4. Nf3 e6 5. d4 Ne4 6. Ne5 Nxe5 7. dxe5 Be7 8. Nd2
Qd7 9. Nxe4 dxe4 10. Qg4 g6 11. Qxe4 Qd5 12. Qf4 g5 13. Qd4 c5 14. Bb5+ Bd7 15.
Qxd5 exd5 16. Bxd7+ Kxd7 17. e6+ fxe6 18. Bxh8 Rxh8 19. Rd1 b5 20. c4 Rf8 21.
cxd5 1-0

[Event "Let's Play Chess!"]
[Site "http://www.queenalice.com/game.php?id=242381"]
[Date "2007.7.19"]
[Round "-"]
[White "catboom"]
[Black "Brag88"]
[Result "1-0"]
[WhiteElo "2041"]
[BlackElo "1319"]

1. d4 d5 2. c4 Nf6 3. Nc3 c6 4. Nf3 Qa5 5. Bd2 b5 6. Nxd5 Qa4 7. Qxa4 bxa4 8.
Nc7+ Kd7 9. Nxa8 h6 10. Ne5+ Kd8 11. Nxf7+ Kd7 12. Nxh8 e6 13. Ng6 Be7 14. Nxe7
Kxe7 15. Bb4+ Ke8 16. e3 g5 17. Bd3 h5 18. Bd6 Nbd7 19. Bg6+ Kd8 20. c5 Bb7 21.
Nc7 1-0